LIBRARY & INFORMATION CENTRE, KCAET, TAVANUR

ONLINE PUBLIC ACCESS CATALOGUE (OPAC)

Manufacturing process / (Record no. 3300)

MARC details
000 -LEADER
fixed length control field 00387cam a2200157ua 4500
041 ## - LANGUAGE CODE
Language code of text/sound track or separate title eng
082 ## - DEWEY DECIMAL CLASSIFICATION NUMBER
Classification number 670
Item number BEG/MA
100 ## - MAIN ENTRY--AUTHOR NAME
Personal name Begeman, Myrol L .
245 ## - TITLE STATEMENT
Title Manufacturing process /
250 ## - EDITION STATEMENT
Edition statement 4 /
260 ## - PUBLICATION, DISTRIBUTION, ETC. (IMPRINT)
Place of publication Mumbai :
Name of publisher Asia Publishing House ,
Year of publication 1962.
300 ## - PHYSICAL DESCRIPTION
Number of Pages 612 ; .
942 ## - ADDED ENTRY ELEMENTS (KOHA)
Koha item type Books
Holdings
Withdrawn status Lost status Damaged status Home library Current library Date acquired Full call number Accession Number Koha item type
      KAUAET KAUAET 07/04/2012 670 2683 Books
free website counter